Защо се хранят хората? (Запис номер 3796)
[ съкратено ]
| 000 -Лидер | |
|---|---|
| Контролно поле с фиксирана дължина | 02285nam a2200445 c 4500 |
| 003 - Код на организацията, давaща контролен номер | |
| Контролно поле | BLK |
| 005 - Дата и час на последна редакция | |
| Контролно поле | 20230511030337.0 |
| 008 - Елементи от данни с фиксирана дължина | |
| fixed length control field | 180412b bul|||||r ||||||| ||bul|| |
| 010 ## - Наследен системен номер | |
| LC control number | KNG00004913000 |
| 020 ## - Международен стандартен номер на книга ISBN | |
| Международен стандартен номер на книга ISBN | 954-625-024-466 |
| -- | издат.: Евгения Хаджииванова |
| 040 ## - Източник на каталожния запис | |
| Идентификатор на билиотеката - собственик на записа | BLK |
| 041 ## - Код за език | |
| Код за езика на текст/звукозапис или на отделно заглавие | Български |
| Код за езика КДБФ | Български |
| 080 ## - УДК | |
| Текстов определител УДК | Хигиена на храненето. Режим на храненето. Вж и 612.39 ; 614.3 ; 615.874 ; 641 |
| УДК код - определител по УДК | 613.2 |
| УДК определител | |
| УДК - код + определител | 613.2 |
| 100 1# - Редна дума - Автор | |
| Автор | Здравкова, Ана Стефанова |
| Авторска отговорност | първи автор |
| R(LIN) | 247822 |
| 139 ## - Редно поле | |
| Редна дума | Нийдъм, Кейт |
| Авторски знак | Ние - Н 67 |
| 245 10 - Сведения за заглавието | |
| Заглавие | Защо се хранят хората? |
| Подзаглавни данни | Кн. за деца |
| Редно поле (дума) | Ана Стефанова Здравкова; прев. Екатерина Иванова Латева; Екатерина Иванова; ил. Анабел Спенсли; ил. Ку Канг Чен; консултант Валери Мишу; консултант Франк Слатъри. |
| 257 ## - Страна на издаване | |
| Страна на създаване/издаване | Великобритания |
| 260 ## - Област на издателските данни | |
| -- | София |
| Име на издателя, разпространителя и проч. | Евгения Хаджииванова |
| Година на издаване | 1994 |
| 300 ## - Физическа характеристика | |
| Страници | 24 с. |
| Илюстрации и др. | с цв. ил. |
| Размери/Мащаб | 18Х18 см |
| 380 ## - Жанр | |
| Жанр | Детска отраслова лит. |
| 490 1# - СЕРИИ (Колекции) | |
| Име на серия | Първи стъпки в науката |
| 500 ## - Общи забележки | |
| Забележка | Ориг. загл. Why do people eat? - Авт. не е отбелязан на кор. ; Прев. известна като Екатерина Иванова. - 2 000 тир. |
| 650 #4 - Допълнително описание по предмет – тема | |
| Основно описание – тема или топоним | Хранене - хигиена |
| 9 (RLIN) | 244313 |
| 650 #4 - Допълнително описание по предмет – тема | |
| Основно описание – тема или топоним | Хранителни продукти |
| 9 (RLIN) | 245727 |
| 653 ## - Ключова дума – ненормативна | |
| Ключова дума | хигиена на храненето |
| 653 ## - Ключова дума – ненормативна | |
| Ключова дума | хранителни продукти |
| 653 ## - Ключова дума – ненормативна | |
| Ключова дума | литература за деца |
| 653 ## - Ключова дума – ненормативна | |
| Ключова дума | детска литература |
| 700 1# - Други автори (авторска отговорност) | |
| Лично име | Латева, Екатерина Иванова |
| 9 (RLIN) | 363572 |
| 700 1# - Други автори (авторска отговорност) | |
| Лично име | Иванова, Екатерина |
| Друга информация | Лаптева, Екатерина Иванова |
| 9 (RLIN) | 363377 |
| 700 1# - Други автори (авторска отговорност) | |
| Лично име | Спенсли, Анабел |
| Автороска отговорност (Описва отношението между автора и произведението) | ил. |
| 9 (RLIN) | 122664 |
| 700 1# - Други автори (авторска отговорност) | |
| Лично име | Ку Канг Чен |
| Автороска отговорност (Описва отношението между автора и произведението) | ил. |
| 9 (RLIN) | 85070 |
| 700 1# - Други автори (авторска отговорност) | |
| Лично име | Мишу, Валери |
| Автороска отговорност (Описва отношението между автора и произведението) | консултант |
| 9 (RLIN) | 247823 |
| 700 1# - Други автори (авторска отговорност) | |
| Лично име | Слатъри, Франк |
| Автороска отговорност (Описва отношението между автора и произведението) | консултант |
| 9 (RLIN) | 121471 |
| 852 ## - Местоположение | |
| Форматна сигнатура | Цб І 35361 |
| 856 4# - Електронен адрес и достъп | |
| Електронен формат | pdf - файл |
| Път до файла /url/ | |
| 856 4# - Електронен адрес и достъп | |
| Електронен формат | pdf - файл |
| Път до файла /url/ | |
| 942 ## - АРТИКУЛИ | |
| Вид на библиотечния материал | Книги |
| Скрит в OPAC | Не |
| Koha issues (borrowed), all copies | 1 |
| 944 ## - СЪЗДАВАНЕ И РЕДАКЦИЯ на ЗАПИСА | |
| Създаване/Редакция | Създаване |
| Дата на регистрацията/редакция | 15.01.2003 |
| Статус, дата на статуса | ф / |
| Служител, извършил регистрацията/редакцията | Людмила_Стоянова |
| 944 ## - СЪЗДАВАНЕ И РЕДАКЦИЯ на ЗАПИСА | |
| Създаване/Редакция | Редакция |
| Дата на регистрацията/редакция | 06.01.2014 |
| Статус, дата на статуса | ф / |
| Служител, извършил регистрацията/редакцията | |
| 999 ## - СИСТЕМНИ КОНТРОЛНИ НОМЕРА | |
| Koha biblionumber | 3796 |
| Koha biblioitemnumber | 3796 |
| Код за отписване | Код за изгубен артикул | Източник на класификационната схема | Код за повреда | Коз за рестрикции | Код за отдаване | Артикулен № | Име на библиотеката - собственик | Име на библиотеката, в която се намира в момента | Статус (Текущо местоположение) | Дата на вписване в системата | Местоположение - отдел | Цена в лева | Инвентарен номер | Систематично азбучна сигнатура | Баркод | Номер на екземпляра | Цена в евро | Служебна бележка | Служебен тип на артикула |
|---|---|---|---|---|---|---|---|---|---|---|---|---|---|---|---|---|---|---|---|
| Не е изгубен | Universal Decimal Classification | Не е повреден | без рестрикции | ползва се в читалня | 6788 | Регионална библиотека "Любен Каравелов" Русе | Регионална библиотека "Любен Каравелов" Русе | Хранилище | 2001-01-01 | Хранилище | 0.27 | 608046 | Цб І 35361 | 120000608046 | 1 | 0.14 | Дост: Dp Вид: Д N: стар фонд Дата: 01.01.1994 | Книги | |
| Изтеглен | Не е изгубен | Universal Decimal Classification | Не е повреден | без рестрикции | заемане за дома | 6789 | Регионална библиотека "Любен Каравелов" Русе | Регионална библиотека "Любен Каравелов" Русе | Детски отдел | 1994-01-01 | Детски отдел | 2.10 | 607418 | ДХ 613/Н 67 | 607418 | 2 | 1.07 | Дост: Pk Вид: Ф N: стар фонд Дата: 01.01.1994 | Книги |
| Изтеглен | Не е изгубен | Universal Decimal Classification | Не е повреден | без рестрикции | заемане за дома | 6790 | Регионална библиотека "Любен Каравелов" Русе | Регионална библиотека "Любен Каравелов" Русе | Детски отдел | 1994-01-01 | Детски отдел | 0.59 | 607419 | ДХ 613/Н 67 | 607419 | 3 | 0.30 | Дост: Pk Вид: Ф N: стар фонд Дата: 01.01.1994 Дата инв: 19.08.2015 Бележки инв: Д2015 | Книги |
| Изтеглен | Не е изгубен | Universal Decimal Classification | Не е повреден | без рестрикции | заемане за дома | 6791 | Регионална библиотека "Любен Каравелов" Русе | Регионална библиотека "Любен Каравелов" Русе | Детски отдел | 1994-01-01 | Детски отдел | 2.10 | 607420 | ДХ 613/Н 67 | 607420 | 4 | 1.07 | Дост: Pk Вид: Ф N: стар фонд Дата: 01.01.1994 | Книги |